ভারতের ইতিহাসকথা [ত্রৈবার্ষিক স্নাতক সংস্করণ] : V.2 / (Record no. 255084)
[ view plain ]
| 000 -LEADER | |
|---|---|
| fixed length control field | 00845nam a22001937a 4500 |
| 003 - CONTROL NUMBER IDENTIFIER | |
| control field | BD-DhUL |
| 005 - DATE AND TIME OF LATEST TRANSACTION | |
| control field | 20211222145827.0 |
| 008 - FIXED-LENGTH DATA ELEMENTS--GENERAL INFORMATION | |
| fixed length control field | 211222s1969 ii ab||| |||| 000 0 eng d |
| 040 ## - CATALOGING SOURCE | |
| Original cataloging agency | BD-DhUL |
| Transcribing agency | BD-DhUL |
| 082 ## - DEWEY DECIMAL CLASSIFICATION NUMBER | |
| Classification number | 954 |
| Item number | KIB |
| 100 1# - MAIN ENTRY--PERSONAL NAME | |
| Personal name | চৌধুরী, কিরণচন্দ্র |
| 245 10 - TITLE STATEMENT | |
| Title | ভারতের ইতিহাসকথা [ত্রৈবার্ষিক স্নাতক সংস্করণ] : V.2 / |
| Statement of responsibility, etc. | কিরণচন্দ্র চৌধুরী |
| 260 ## - PUBLICATION, DISTRIBUTION, ETC. (IMPRINT) | |
| Place of publication, distribution, etc. | কলিকাতা : |
| Name of publisher, distributor, etc. | মডার্ণ বুক এজেন্সী, |
| Date of publication, distribution, etc. | ১৯৬৯ |
| 300 ## - PHYSICAL DESCRIPTION | |
| Extent | খ, : |
| Other physical details | চিত্র., মানচিত্র. ; |
| Dimensions | ২২ সেমি |
| 504 ## - BIBLIOGRAPHY, ETC. NOTE | |
| Bibliography, etc | খ: মধ্যযুগ । |
| 650 ## - SUBJECT ADDED ENTRY--TOPICAL TERM | |
| Topical term or geographic name as entry element | ভারতের |
| General subdivision | ইতিহাস |
| 650 ## - SUBJECT ADDED ENTRY--TOPICAL TERM | |
| Topical term or geographic name as entry element | India - |
| General subdivision | History |
| 942 ## - ADDED ENTRY ELEMENTS (KOHA) | |
| Source of classification or shelving scheme | |
| Koha item type | Books |
| Price effective from | Date last seen | Permanent Location | Not for loan | Date acquired | Source of classification or shelving scheme | Koha item type | Lost status | Withdrawn status | Source of acquisition | Collection code | Damaged status | Shelving location | Barcode | Current Location | Full call number |
|---|---|---|---|---|---|---|---|---|---|---|---|---|---|---|---|
| 2021-12-22 | 2021-12-22 | Dhaka University Library | 2021-12-22 | Books | Gift | Non Fiction | General Stacks | 510195 | Dhaka University Library | 954 KIB |
